Vật liệu kim loại màu
Đây là tài liệu biên soạn dành cho giáo viên và sinh viên ngành vật liệu và các ngành khác có liên quan như cơ khí, động lực, thiết bị hóa học, máy năng lượng... Nội dung gồm 8 chương bàn về các kim loại màu và hợp kim kim loại màu như: Nhôm...
Na minha lista:
| Autor principal: | |
|---|---|
| Formato: | Livro |
| Idioma: | Undetermined |
| Publicado em: |
Hà Nội
Khoa học và Kỹ thuật
2003
|
| Assuntos: | |
| Tags: |
Adicionar Tag
Sem tags, seja o primeiro a adicionar uma tag!
|
| Thư viện lưu trữ: | Trung tâm Học liệu Trường Đại học Cần Thơ |
|---|
| LEADER | 01101nam a2200217Ia 4500 | ||
|---|---|---|---|
| 001 | CTU_135000 | ||
| 008 | 210402s9999 xx 000 0 und d | ||
| 020 | |c 55000 | ||
| 082 | |a 669 | ||
| 082 | |b X561 | ||
| 100 | |a Nguyễn, Khắc Xương | ||
| 245 | 0 | |a Vật liệu kim loại màu | |
| 245 | 0 | |c Nguyễn Khắc Xương | |
| 260 | |a Hà Nội | ||
| 260 | |b Khoa học và Kỹ thuật | ||
| 260 | |c 2003 | ||
| 520 | |a Đây là tài liệu biên soạn dành cho giáo viên và sinh viên ngành vật liệu và các ngành khác có liên quan như cơ khí, động lực, thiết bị hóa học, máy năng lượng... Nội dung gồm 8 chương bàn về các kim loại màu và hợp kim kim loại màu như: Nhôm, Magie, Titan, Đồng, Niken, Pb,Sn,Zn,.. và các kim loại khó chảy và khim loại đặc biệt. | ||
| 650 | |a Nonferrous metals,Kim loại màu | ||
| 650 | |x Metallurgy,Luyện kim | ||
| 904 | |i Trong Hieu | ||
| 980 | |a Trung tâm Học liệu Trường Đại học Cần Thơ | ||